000 004220000a22001690004500
003 MACL
005 20160108144831.0
008 160108b xxu||||| |||| 00| 0 eng d
040 _aMACL
_cMACL
041 _aEnglish
082 _a920/GAR
100 _aGarnett, Richard
_929850
245 _aLife of Ralph Waldo Emerson
260 _bWalter Scott
_c1888
_aLondon
650 _aBiography
_929851
942 _cBK
_k920/GAR
_2ddc
999 _c37783
_d37783